000 004900000a22001810004500
001 004516
003 MACL
005 20150705132916.0
008 150705b xxu||||| |||| 00| 0 eng d
040 _aMACL
_cMACL
041 _aEngish
100 _aZachariah, K.C
_9811
245 _aKerala's Demographic Transition
_bDeterminants And Consequences
_cK.C Zachariah
260 _aSagar Publications,
_c1997
_bNew Delhi
350 _a450
650 _aSocial Science
_929
942 _k305
_cBK
_2ddc
999 _c16405
_d16405